[Event "III Open A"]
[Site "Biella ITA"]
[Date "2012.09.28"]
[Round "1"]
[White "Autino, Massimiliano"]
[Black "Madiai, Federico"]
[WhiteElo "1867"]
[BlackElo "2214"]
[Result "0-1"]
[PlyCount "88"]
[EventDate "2012.09.28"]

1. c4 e5 2. Nc3 Nf6 3. g3 Bb4 4. Nf3 e4 5. Nd4 O-O 6. Bg2 Re8 7. O-O Nc6 8.
Nxc6 dxc6 9. a3 Bf8 10. d3 exd3 11. Qxd3 Qxd3 12. exd3 Bf5 13. Rd1 Rad8 14. Bf4
Bxd3 15. Bxc7 Rd7 16. Bh3 Rd4 17. Bf1 Rd7 18. Rxd3 Rxc7 19. Rad1 g6 20. Rd8
Rce7 21. Rxe8 Rxe8 22. Bh3 Bg7 23. Kf1 Kf8 24. Re1 Rd8 25. Rd1 Rxd1+ 26. Nxd1
Ne4 27. Ke2 Ke7 28. Kd3 f5 29. Bg2 Nc5+ 30. Kc2 Ne6 31. Kd3 Bd4 32. b4 g5 33.
b5 Kd6 34. Ne3 Kc5 35. bxc6 bxc6 36. Nxf5 Bxf2 37. Ne7 Bg1 38. Nxc6 Bxh2 39.
Nxa7 Bxg3 40. Bd5 Nf4+ 41. Ke4 Nxd5 42. cxd5 g4 43. Kf5 h5 44. Kg5 Bb8 0-1

[Event "III Open A"]
[Site "Biella ITA"]
[Date "2012.09.28"]
[Round "1"]
[White "Balzano, Filli"]
[Black "Aghayev, Miragha"]
[WhiteElo "1900"]
[BlackElo "2238"]
[Result "0-1"]
[PlyCount "78"]
[EventDate "2012.09.28"]

1. e4 c5 2. c3 d5 3. exd5 Qxd5 4. d4 Nf6 5. Nf3 Bg4 6. Be2 e6 7. h3 Bf5 8. Be3
Nc6 9. Na3 Rc8 10. dxc5 Qxd1+ 11. Rxd1 Ne4 12. O-O Nxc5 13. Nc4 Na4 14. Rd2 f6
15. g4 Be4 16. Bd1 b5 17. Bxa4 bxa4 18. Nd4 Bd5 19. Nxc6 Rxc6 20. b3 axb3 21.
axb3 Bxc4 22. bxc4 Rxc4 23. Bxa7 Rxc3 24. Rb1 Rc8 25. Rb7 h5 26. Re2 e5 27. g5
Ra8 28. Kg2 Be7 29. Reb2 fxg5 30. Rb8+ Kf7 31. R8b7 Rhe8 32. R2b5 Ke6 33. R5b6+
Kf5 34. Rb3 Bf6 35. Bc5 Rac8 36. Rf3+ Kg6 37. Bd6 Re6 38. Ba3 Rc2 39. Rd3 e4
0-1

[Event "III Open A"]
[Site "Biella ITA"]
[Date "2012.09.28"]
[Round "1"]
[White "Barbero, Marco"]
[Black "Milchev, Nikolay"]
[WhiteElo "1935"]
[BlackElo "2422"]
[Result "1/2-1/2"]
[PlyCount "193"]
[EventDate "2012.09.28"]

1. e4 Nf6 2. e5 Nd5 3. d4 d6 4. c4 Nb6 5. exd6 exd6 6. Nc3 Be7 7. Bd3 Nc6 8.
Nge2 a5 9. b3 a4 10. Be3 Nb4 11. O-O axb3 12. Qxb3 Nxd3 13. Rad1 Be6 14. d5 Bf5
15. Ng3 Bg6 16. f4 Nc5 17. Bxc5 dxc5 18. f5 Bd6 19. Rde1+ Kf8 20. fxg6 hxg6 21.
Nce4 Nd7 22. Nxd6 cxd6 23. Qxb7 Rxa2 24. Ne4 Kg8 25. Nxd6 Rxh2 26. Kxh2 Qh4+
27. Kg1 Qd4+ 28. Kh2 Qg4 29. Re8+ Kh7 30. Rh8+ Kxh8 31. Nxf7+ Kh7 32. d6 Qh4+
33. Kg1 Qd4+ 34. Kh2 Ne5 35. Qd5 Qxd5 36. cxd5 Nxf7 37. Rxf7 Rd2 38. Rc7 Rxd5
39. d7 c4 40. Kg3 c3 41. Kf3 c2 42. Ke4 Rxd7 43. Rxc2 Rf7 44. Ke3 Kh6 45. Rc5
g5 46. Rc1 Kh5 47. Rh1+ Kg4 48. Rh3 Rf4 49. Ke2 Kf5 50. Ra3 g4 51. g3 Rb4 52.
Kf2 Rb2+ 53. Ke3 g5 54. Ra5+ Kg6 55. Ra3 Rg2 56. Ke4 Re2+ 57. Re3 Ra2 58. Rb3
Ra8 59. Rb6+ Kh5 60. Rb3 Re8+ 61. Kf5 Re1 62. Ra3 Rf1+ 63. Ke4 Rf6 64. Rb3 Kg6
65. Re3 Ra6 66. Kd5 Kf5 67. Re5+ Kf6 68. Re3 Ra5+ 69. Ke4 Rf5 70. Ra3 Re5+ 71.
Kd4 Kf5 72. Rb3 Ra5 73. Ke3 Ke5 74. Rb4 Ra3+ 75. Kf2 Ra2+ 76. Kf1 Kf5 77. Rc4
Ra5 78. Kf2 Re5 79. Ra4 Rb5 80. Rc4 Rb2+ 81. Kf1 Rb3 82. Kf2 Rf3+ 83. Kg2 Re3
84. Kf2 Rd3 85. Ra4 Rd2+ 86. Kf1 Rc2 87. Rb4 Ra2 88. Rc4 Ra3 89. Kf2 Rf3+ 90.
Kg2 Re3 91. Kf2 Re4 92. Rxe4 Kxe4 93. Ke2 Kd4 94. Kd2 Ke4 95. Ke2 Kd4 96. Kd2
Ke4 97. Ke2 1/2-1/2

[Event "III Open A"]
[Site "Biella ITA"]
[Date "2012.09.28"]
[Round "1"]
[White "Bardone, Lorenzo"]
[Black "Rambaldi, Francesco"]
[WhiteElo "1913"]
[BlackElo "2277"]
[Result "0-1"]
[PlyCount "90"]
[EventDate "2012.09.28"]

1. e4 c5 2. Nf3 e6 3. b3 Nc6 4. Bb2 Qc7 5. Nc3 a6 6. Be2 Nf6 7. O-O Be7 8. Re1
d6 9. Bf1 O-O 10. g3 b5 11. d3 Bb7 12. Bg2 Rac8 13. Ne2 Rfd8 14. Nf4 Ne5 15. c3
Bf8 16. Rc1 c4 17. d4 Bxe4 18. Nxe5 Bxg2 19. Nxf7 Qxf7 20. Nxg2 e5 21. Ne3 exd4
22. cxd4 d5 23. Qf3 Ne4 24. Qxf7+ Kxf7 25. bxc4 Nd2 26. Re2 Nxc4 27. Rec2 h5
28. h3 g6 29. g4 Bh6 30. Nxc4 dxc4 31. Re1 b4 32. gxh5 gxh5 33. Re4 c3 34. Bc1
Bxc1 35. Rxc1 Rc4 36. Re5 Rcxd4 37. Rc5 Rd1+ 38. Rxd1 Rxd1+ 39. Kg2 Ra1 40. Rc4
a5 41. Kf3 Rxa2 42. Ke3 c2 43. Kd2 b3 44. Kc1 Ra1+ 45. Kb2 Rb1+ 0-1

[Event "III Open A"]
[Site "Biella ITA"]
[Date "2012.09.28"]
[Round "1"]
[White "Bracci, Andrea"]
[Black "Angelini, Marco"]
[WhiteElo "1874"]
[BlackElo "2223"]
[Result "0-1"]
[PlyCount "70"]
[EventDate "2012.09.28"]

1. e4 c5 2. Nf3 e6 3. d4 cxd4 4. Nxd4 a6 5. c4 Nf6 6. Nc3 d6 7. Be2 Nbd7 8. Be3
b6 9. Qd2 Bb7 10. f3 Qc7 11. Rc1 Be7 12. O-O O-O 13. Rfd1 Rac8 14. Bf1 Qb8 15.
Nc2 Rfe8 16. Bf2 Bf8 17. Ne3 Ne5 18. b3 Qc7 19. Qb2 Be7 20. b4 Nh5 21. Qb3 Bg5
22. Rc2 Nf4 23. Na4 Nh3+ 24. gxh3 Nxf3+ 25. Kh1 Bxe4 26. Bg2 Bxc2 27. Qxc2 Ne5
28. c5 dxc5 29. bxc5 b5 30. Nb6 Rcd8 31. Ng4 Rxd1+ 32. Qxd1 Rd8 33. Qg1 Nd3 34.
Na8 Nxf2+ 35. Qxf2 Rd1+ 0-1

[Event "III Open A"]
[Site "Biella ITA"]
[Date "2012.09.28"]
[Round "1"]
[White "Brociner, Beniamino"]
[Black "Sanchez, Joseph"]
[WhiteElo "1981"]
[BlackElo "2534"]
[Result "0-1"]
[PlyCount "132"]
[EventDate "2012.09.28"]

1. Nf3 d5 2. d4 Nf6 3. c4 c6 4. Nbd2 a6 5. b3 Bf5 6. g3 e6 7. Bg2 Nbd7 8. O-O
Bb4 9. Nh4 Bg4 10. Bb2 Qa5 11. Nb1 dxc4 12. a3 Be7 13. bxc4 O-O 14. Qd3 Rfd8
15. h3 Bh5 16. g4 Ne8 17. Nf3 Bg6 18. Qc3 Qa4 19. Nbd2 c5 20. Qb3 Qa5 21. d5
exd5 22. cxd5 b5 23. Bc3 Qc7 24. e4 c4 25. Qb2 Nc5 26. Ne5 Na4 27. Qc2 Bf6 28.
f4 Bxe5 29. Bxe5 Qc5+ 30. Kh1 Qxd5 31. Rad1 Qc5 32. Ba1 f6 33. f5 Bf7 34. e5
Bd5 35. Ne4 Bxe4 36. Bxe4 Rac8 37. g5 Qe3 38. gxf6 Qxh3+ 39. Qh2 Qxh2+ 40. Kxh2
gxf6 41. exf6 Rxd1 42. Rxd1 c3 43. Bd5+ Kf8 44. Be6 Rb8 45. Rd7 Nxf6 46. Rf7+
Ke8 47. Bxc3 Nxc3 48. Rxf6 Ne4 49. Rh6 Rd8 50. Bg8 Kf8 51. Bxh7 Rd2+ 52. Kg1
Rd6 53. Rh4 Ng5 54. Kf2 Kg7 55. Bg6 Rd2+ 56. Ke3 Ra2 57. a4 Ra3+ 58. Ke2 bxa4
59. Kd1 Kf6 60. Kc2 a5 61. Rc4 Nf3 62. Rc5 Nd4+ 63. Kb2 Rb3+ 64. Ka2 Nb5 65.
Rc1 Nc3+ 66. Ka1 a3 0-1

[Event "III Open A"]
[Site "Biella ITA"]
[Date "2012.09.28"]
[Round "1"]
[White "Brunello, Marina"]
[Black "Raselli, Claudio"]
[WhiteElo "2250"]
[BlackElo "1904"]
[Result "1-0"]
[PlyCount "83"]
[EventDate "2012.09.28"]

1. e4 b6 2. d4 Bb7 3. Nc3 e6 4. Nf3 Bb4 5. Bd3 Nf6 6. Qe2 d5 7. exd5 Nxd5 8.
Bd2 Nxc3 9. bxc3 Be7 10. O-O O-O 11. Rfe1 Nd7 12. Rad1 c5 13. Bf4 cxd4 14. cxd4
Rc8 15. c4 Nf6 16. Ng5 Bb4 17. Rf1 h6 18. Nf3 Qe7 19. Ne5 Rfd8 20. Bb1 Ba8 21.
Qe3 Qb7 22. Qh3 Qe7 23. a3 Bd6 24. Rfe1 Bxe5 25. dxe5 Rxd1 26. Rxd1 Rd8 27. Re1
Ne4 28. Qg4 f5 29. exf6 Nxf6 30. Qe2 Kh8 31. h3 Qxa3 32. Qxe6 Qa4 33. Qe2 Qc6
34. f3 Re8 35. Be5 Qc5+ 36. Kh2 Bc6 37. f4 Qe7 38. Qc2 Qf7 39. Re3 Kg8 40. Qf5
Qh5 41. Qxh5 Nxh5 42. Bg6 1-0

[Event "III Open A"]
[Site "Biella ITA"]
[Date "2012.09.28"]
[Round "1"]
[White "Brunello, Sabino"]
[Black "De Luca, Fabio"]
[WhiteElo "2586"]
[BlackElo "1989"]
[Result "1-0"]
[PlyCount "71"]
[EventDate "2012.09.28"]

1. e4 c5 2. d3 Nc6 3. f4 g6 4. Nf3 Bg7 5. Be2 d6 6. O-O e6 7. c3 Nge7 8. Be3
O-O 9. d4 d5 10. e5 Nf5 11. Bf2 cxd4 12. cxd4 h5 13. Nc3 Bd7 14. Bd3 Nh6 15. h3
a6 16. Rc1 Rc8 17. Ng5 Qa5 18. a3 Na7 19. Ra1 Nb5 20. Ne2 Na7 21. a4 Nc6 22.
Qb1 Be8 23. Be1 Qb6 24. a5 Qc7 25. Ra3 Nf5 26. Bc3 Ne3 27. Rc1 Nc4 28. Ra1 Qd8
29. b3 Ne3 30. Kf2 Nf5 31. g4 hxg4 32. hxg4 Nh6 33. Kg3 Bd7 34. Bxg6 fxg6 35.
Qxg6 Re8 36. Rh1 1-0

[Event "III Open A"]
[Site "Biella ITA"]
[Date "2012.09.28"]
[Round "1"]
[White "Collutiis, Duilio"]
[Black "Petrone, Gianmario"]
[WhiteElo "2501"]
[BlackElo "1981"]
[Result "1-0"]
[PlyCount "75"]
[EventDate "2012.09.28"]

1. g3 g6 2. Bg2 Bg7 3. e4 e5 4. Ne2 Ne7 5. d4 exd4 6. Nxd4 O-O 7. Nc3 Nbc6 8.
Nde2 d6 9. O-O Bd7 10. h3 Nc8 11. Kh2 Nb6 12. Rb1 Qe7 13. b3 Rae8 14. Bb2 a6
15. Nf4 Qd8 16. Ba1 Ne7 17. a4 a5 18. Qd2 Bc6 19. Ncd5 Bxa1 20. Rxa1 Bxd5 21.
exd5 Qa8 22. Qc3 Rc8 23. h4 c6 24. dxc6 bxc6 25. Qf6 Ned5 26. Nxd5 cxd5 27. h5
Nd7 28. Qxd6 Qc6 29. Qxc6 Rxc6 30. hxg6 hxg6 31. Rac1 Nb6 32. c4 Rfc8 33. Rcd1
Rc5 34. cxd5 Rc3 35. d6 Rd8 36. Rfe1 Rxb3 37. Bc6 Rc3 38. d7 1-0

[Event "III Open A"]
[Site "Biella ITA"]
[Date "2012.09.28"]
[Round "1"]
[White "Gagliardi, Christian"]
[Black "Monticone, Sonia"]
[WhiteElo "2217"]
[BlackElo "1868"]
[Result "1-0"]
[PlyCount "63"]
[EventDate "2012.09.28"]

1. d4 d5 2. Bf4 Nf6 3. e3 e6 4. Nf3 Bd6 5. Bg3 Ne4 6. Bd3 Nxg3 7. hxg3 Nd7 8.
Qe2 Qe7 9. Nbd2 e5 10. e4 c6 11. exd5 cxd5 12. dxe5 Nxe5 13. Nxe5 Qxe5 14.
Qxe5+ Bxe5 15. Bb5+ Bd7 16. Bxd7+ Kxd7 17. O-O-O Rac8 18. Nf3 Bf6 19. Rxd5+ Kc6
20. Rhd1 Rhe8 21. Rd6+ Kc7 22. Rd7+ Kb6 23. Rxf7 Re2 24. Rd2 Rce8 25. Kd1 Rxd2+
26. Nxd2 Rd8 27. c3 Bg5 28. f4 Bf6 29. Kc2 Re8 30. Nc4+ Kc5 31. Rc7+ Kd5 32.
Kd3 1-0

[Event "III Open A"]
[Site "Biella ITA"]
[Date "2012.09.28"]
[Round "1"]
[White "Gastaldello, Lorenzo"]
[Black "Ceschia, Ivano"]
[WhiteElo "1926"]
[BlackElo "2291"]
[Result "1/2-1/2"]
[PlyCount "62"]
[EventDate "2012.09.28"]

1. Nf3 Nf6 2. g3 d5 3. Bg2 c5 4. O-O Nc6 5. c4 e6 6. cxd5 exd5 7. d4 Be7 8. a3
c4 9. Nc3 O-O 10. Bg5 h6 11. Bxf6 Bxf6 12. Ne5 Be6 13. Qd2 Na5 14. Rad1 Nb3 15.
Qe3 Re8 16. f4 g6 17. Qf3 Bg7 18. e3 h5 19. h3 Rc8 20. Nxd5 f6 21. Nxg6 Bf5 22.
Qxh5 Bc2 23. Nde7+ Rxe7 24. Bd5+ Rf7 25. Bxf7+ Kxf7 26. Ne5+ Kg8 27. Qf7+ Kh7
28. Qh5+ Kg8 29. Qf7+ Kh7 30. Qh5+ Bh6 31. Qf7+ Bg7 1/2-1/2

[Event "III Open A"]
[Site "Biella ITA"]
[Date "2012.09.28"]
[Round "1"]
[White "Migliorini, Matteo"]
[Black "Arnaudov, G. Petar"]
[WhiteElo "1976"]
[BlackElo "2485"]
[Result "0-1"]
[PlyCount "90"]
[EventDate "2012.09.28"]

1. e4 e5 2. Nf3 Nc6 3. Bb5 a6 4. Bxc6 dxc6 5. Nc3 f6 6. d4 exd4 7. Qxd4 Qxd4 8.
Nxd4 Bd7 9. Be3 O-O-O 10. O-O-O Re8 11. f3 Bb4 12. Rhe1 Bxc3 13. bxc3 Ne7 14.
Rd2 b6 15. Bf4 c5 16. Ne2 Be6 17. Red1 Ng6 18. Bg3 Bxa2 19. Rd7 Re7 20. Rxe7
Nxe7 21. Nf4 Bf7 22. Re1 g5 23. Nd3 Ng6 24. e5 c4 25. e6 cxd3 26. exf7 Rf8 27.
Re8+ Kd7 28. Rxf8 Nxf8 29. cxd3 Ne6 30. Kc2 Ke7 31. Kb3 Kxf7 32. Kc4 Ke7 33. h4
Nf4 34. Bh2 Ke6 35. d4 Kd7 36. g3 b5+ 37. Kb3 Nd5 38. hxg5 fxg5 39. g4 Nf4 40.
Kb4 Kc6 41. Bg1 h6 42. c4 a5+ 43. Kxa5 bxc4 44. Kb4 Kd5 45. Be3 Ne2 0-1

[Event "III Open A"]
[Site "Biella ITA"]
[Date "2012.09.28"]
[Round "1"]
[White "Pulito, Alberto"]
[Black "Cafaro, Luca"]
[WhiteElo "2287"]
[BlackElo "1921"]
[Result "1-0"]
[PlyCount "75"]
[EventDate "2012.09.28"]

1. e4 e5 2. d4 exd4 3. Qxd4 Nc6 4. Qe3 Nf6 5. Nc3 Bb4 6. Bd2 O-O 7. O-O-O Re8
8. Qg3 Rxe4 9. Bd3 Rg4 10. Qh3 d5 11. f3 Rg5 12. g4 Re5 13. Nge2 h5 14. Qg2
hxg4 15. fxg4 d4 16. Bf4 Re8 17. Bb5 Bxc3 18. Nxc3 Bd7 19. Ne2 Qe7 20. h3 Qb4
21. Bd3 Qa5 22. a3 Qd5 23. Qf2 Ne4 24. Bxe4 Qxe4 25. Rhe1 Qd5 26. Kb1 Be6 27.
Nc1 Qa5 28. Qg3 Rac8 29. Bd2 Qc5 30. h4 Qc4 31. h5 d3 32. cxd3 Qxg4 33. Qf2
Qxh5 34. Rh1 Qf5 35. Qh4 f6 36. Rdf1 Qd5 37. Rxf6 gxf6 38. Qh7+ 1-0

[Event "III Open A"]
[Site "Biella ITA"]
[Date "2012.09.28"]
[Round "1"]
[White "Razzano, Lorenzo"]
[Black "Valsecchi, Alessio"]
[WhiteElo "1961"]
[BlackElo "2427"]
[Result "1-0"]
[PlyCount "81"]
[EventDate "2012.09.28"]

1. g3 d5 2. Bg2 c6 3. d3 Nf6 4. Nf3 Bg4 5. b3 Nbd7 6. Bb2 Qc7 7. h3 Bxf3 8.
exf3 e6 9. O-O Bd6 10. Nd2 g5 11. c4 O-O-O 12. d4 h5 13. Re1 Rdg8 14. c5 Be7
15. b4 g4 16. hxg4 hxg4 17. f4 Qd8 18. b5 cxb5 19. Qb3 Ne8 20. Qxb5 Nc7 21. Qa4
Rh5 22. Qxa7 Nb8 23. Nc4 Kd7 24. Qa4+ Nc6 25. Ne5+ Ke8 26. Rab1 f6 27. Nxc6 Qd7
28. Bc3 bxc6 29. Rb8+ Bd8 30. Ba5 Kf7 31. Rb7 f5 32. Reb1 Kf6 33. R1b6 Rgh8 34.
Qxc6 Qh7 35. Kf1 Rh1+ 36. Ke2 Ra1 37. Rxc7 Rxa2+ 38. Bd2 Qxc7 39. Qxe6+ Kg7 40.
Qg6+ Kf8 41. Qxf5+ 1-0

[Event "III Open A"]
[Site "Biella ITA"]
[Date "2012.09.28"]
[Round "1"]
[White "Salvador, Roland"]
[Black "Siclari, Giovanni"]
[WhiteElo "2484"]
[BlackElo "1969"]
[Result "1-0"]
[PlyCount "91"]
[EventDate "2012.09.28"]

1. c4 e5 2. g3 Nf6 3. Nc3 Nc6 4. Bg2 Bb4 5. Nd5 Bc5 6. a3 a5 7. Rb1 O-O 8. d3
Nxd5 9. cxd5 Ne7 10. Nf3 d6 11. b4 axb4 12. axb4 Bb6 13. Nd2 c6 14. dxc6 Nxc6
15. Nc4 Bd4 16. b5 Na5 17. Nxa5 Qxa5+ 18. Bd2 Bc3 19. Bxc3 Qxc3+ 20. Qd2 Qxd2+
21. Kxd2 Ra2+ 22. Ke3 Bg4 23. Rhe1 b6 24. Ra1 Rc2 25. Ra6 Rb8 26. Bc6 Kf8 27.
f3 Be6 28. Rea1 d5 29. Ra8 d4+ 30. Kf2 Rxa8 31. Rxa8+ Ke7 32. Rb8 h5 33. Rxb6
Rc1 34. Rb7+ Kd6 35. f4 exf4 36. gxf4 Rc2 37. Bf3 g6 38. b6 Rb2 39. Rb8 Bg4 40.
Kg3 Bxf3 41. Kxf3 Kd7 42. b7 f5 43. Rg8 Rxb7 44. Rg7+ Kc6 45. Rxg6+ Kd5 46. Rf6
1-0

[Event "III Open A"]
[Site "Biella ITA"]
[Date "2012.09.28"]
[Round "1"]
[White "Sgnaolin, Davide"]
[Black "Montilli, Vincenzo"]
[WhiteElo "2234"]
[BlackElo "1880"]
[Result "1/2-1/2"]
[PlyCount "105"]
[EventDate "2012.09.28"]

1. e4 c5 2. c3 d5 3. exd5 Qxd5 4. d4 Nf6 5. Nf3 e6 6. Bd3 Nc6 7. O-O Be7 8. c4
Qd8 9. dxc5 Bxc5 10. Nc3 O-O 11. Qe2 h6 12. a3 Qe7 13. Rb1 Bd7 14. Be3 b6 15.
h3 Rac8 16. b4 Bxe3 17. Qxe3 Rfe8 18. Rfd1 e5 19. Be4 Nb8 20. Bd5 Bc6 21. a4
Nbd7 22. a5 bxa5 23. Bxc6 Rxc6 24. Qxa7 axb4 25. Nd5 Qc5 26. Qxc5 Rxc5 27. Rxb4
e4 28. Nh2 Ne5 29. Nxf6+ gxf6 30. Ng4 Kg7 31. Ne3 Rec8 32. Rb7 Nxc4 33. Nxc4
Rxc4 34. Rdd7 Rf8 35. g4 Kg6 36. Rd6 Rc3 37. Kg2 Re8 38. Rbb6 Rf3 39. Rb4 Re7
40. Rxe4 Rxf2+ 41. Kxf2 Rxe4 42. Rd5 Ra4 43. Rb5 Re4 44. Kf3 Re5 45. Rb6 h5 46.
Kg3 Re3+ 47. Kh4 hxg4 48. hxg4 Rf3 49. Ra6 Kg7 50. Ra8 f5 51. gxf5 Rxf5 52. Kg4
Rb5 53. Ra4 1/2-1/2

[Event "III Open A"]
[Site "Biella ITA"]
[Date "2012.09.28"]
[Round "1"]
[White "Solomon, Kenny"]
[Black "Lucchese, Paolo"]
[WhiteElo "2426"]
[BlackElo "1957"]
[Result "1-0"]
[PlyCount "63"]
[EventDate "2012.09.28"]

1. Nf3 Nf6 2. c4 c5 3. Nc3 Nc6 4. d4 cxd4 5. Nxd4 Qb6 6. Nf3 e6 7. e3 Be7 8.
Be2 O-O 9. O-O d6 10. b3 Rd8 11. e4 a6 12. Bg5 Nd7 13. Be3 Qc7 14. Rc1 Qb8 15.
Ng5 h6 16. Nh3 b6 17. f4 Bb7 18. Qe1 Bf6 19. Qd2 Nc5 20. Nf2 Ne7 21. Bf3 Bc6
22. Ne2 Qb7 23. Qc2 Ng6 24. b4 Ba4 25. Qb1 Nd7 26. e5 Bc6 27. Bxc6 Qxc6 28.
exf6 Nxf6 29. Nd4 Qb7 30. Nf3 Nh5 31. Nh3 f5 32. g4 1-0

[Event "III Open A"]
[Site "Biella ITA"]
[Date "2012.09.28"]
[Round "1"]
[White "Stella, Andrea"]
[Black "Di Chiara, Mauro"]
[WhiteElo "2456"]
[BlackElo "1962"]
[Result "1-0"]
[PlyCount "61"]
[EventDate "2012.09.28"]

1. Nf3 g6 2. c4 Bg7 3. g3 d6 4. Nc3 Nc6 5. Bg2 Nf6 6. O-O O-O 7. d4 Bf5 8. d5
Na5 9. Nd4 Bd7 10. b3 a6 11. Rb1 c5 12. Nc2 b5 13. cxb5 axb5 14. b4 cxb4 15.
Rxb4 Rb8 16. Na3 Qc8 17. Naxb5 Bh3 18. Be3 Bxg2 19. Kxg2 Ng4 20. Bd4 Ne5 21.
Qa4 Nb7 22. Na7 Qc7 23. Nc6 Nxc6 24. Qxc6 Qxc6 25. dxc6 Bxd4 26. Nd5 Bf6 27.
cxb7 Kg7 28. Nxf6 exf6 29. a4 Rfe8 30. a5 Rxe2 31. Ra1 1-0

[Event "III Open A"]
[Site "Biella ITA"]
[Date "2012.09.28"]
[Round "1"]
[White "Vezzosi, Paolo"]
[Black "Bonassi, Tommaso"]
[WhiteElo "2309"]
[BlackElo "1930"]
[Result "1-0"]
[PlyCount "95"]
[EventDate "2012.09.28"]

1. d4 Nf6 2. c4 e6 3. Nf3 b6 4. e3 Bb7 5. Bd3 Be7 6. Nc3 d5 7. O-O O-O 8. Qe2
c5 9. Rd1 Nbd7 10. b3 Rc8 11. Bb2 Qc7 12. Rac1 Qb8 13. Ne5 Rfe8 14. cxd5 Nxe5
15. dxe5 Nxd5 16. Ne4 Red8 17. Qg4 g6 18. h4 h5 19. Qg3 Nb4 20. Nd6 Nxd3 21.
Rxd3 Rc7 22. Rcd1 Bc6 23. e4 Rdd7 24. Bc1 Qd8 25. Bg5 Bxg5 26. hxg5 b5 27. Qf4
c4 28. Rh3 Qf8 29. g4 h4 30. Rc1 Ba8 31. Nxb5 Rc5 32. bxc4 Qg7 33. Nd6 Qxe5 34.
Qxe5 Rxe5 35. f4 Ra5 36. c5 Rc7 37. Rb3 Bc6 38. a3 Ra4 39. Re1 Rd4 40. Kf2 Rd2+
41. Re2 Rxe2+ 42. Kxe2 Ba4 43. Rb8+ Kg7 44. Rc8 Rxc8 45. Nxc8 a6 46. e5 Kf8 47.
Kf2 Bc6 48. Na7 1-0

[Event "III Open A"]
[Site "Biella ITA"]
[Date "2012.09.28"]
[Round "1"]
[White "Villa, Giorgio"]
[Black "Naumkin, Igor"]
[WhiteElo "1966"]
[BlackElo "2473"]
[Result "0-1"]
[PlyCount "68"]
[EventDate "2012.09.28"]

1. d4 Nf6 2. Nf3 e6 3. c4 b6 4. g3 Bb7 5. Bg2 Be7 6. Nc3 Ne4 7. Qc2 Nxc3 8.
Qxc3 O-O 9. O-O f5 10. b3 Bf6 11. Bb2 d6 12. Rad1 a5 13. Qc1 Qe7 14. Nd2 Bxg2
15. Kxg2 Nc6 16. Nf3 Rae8 17. Rfe1 Qf7 18. d5 Nd8 19. Ng5 Bxg5 20. Qxg5 h6 21.
Qd2 e5 22. f4 Qh5 23. e3 Nb7 24. a3 Nc5 25. b4 axb4 26. axb4 Ne4 27. Qc2 Rf7
28. c5 bxc5 29. bxc5 exf4 30. exf4 Rfe7 31. cxd6 Ng5 32. Qc3 Re2+ 33. Rxe2
Qxe2+ 34. Kh1 Qxd1+ 0-1

[Event "III Open A"]
[Site "Biella ITA"]
[Date "2012.09.29"]
[Round "2"]
[White "Aghayev, Miragha"]
[Black "Razzano, Lorenzo"]
[WhiteElo "2238"]
[BlackElo "1961"]
[Result "1-0"]
[PlyCount "47"]
[EventDate "2012.09.28"]

1. e4 e5 2. Nf3 Nc6 3. d4 exd4 4. Nxd4 Qh4 5. Nc3 Bb4 6. Ndb5 Ba5 7. Qd3 a6 8.
g3 Qf6 9. Na3 Ne5 10. Qe3 Ng4 11. Qd2 Bxc3 12. bxc3 Nxf2 13. Qxf2 Qxc3+ 14. Qd2
Qxa1 15. c3 b5 16. Bd3 b4 17. Nb1 b3 18. a3 Qa2 19. Bb2 Ne7 20. c4 Nc6 21. Nc3
Nd4 22. O-O Qxb2 23. Qxb2 Rb8 24. Qf2 1-0

[Event "III Open A"]
[Site "Biella ITA"]
[Date "2012.09.29"]
[Round "2"]
[White "Angelini, Marco"]
[Black "Penna, Tommaso"]
[WhiteElo "2223"]
[BlackElo "1829"]
[Result "1-0"]
[PlyCount "69"]
[EventDate "2012.09.28"]

1. e4 c5 2. Nf3 e6 3. d4 cxd4 4. Nxd4 Nc6 5. Nc3 Qc7 6. g3 a6 7. a4 d6 8. Bg2
Nf6 9. f4 Bd7 10. Nb3 Be7 11. a5 O-O 12. Be3 Rac8 13. O-O Nb4 14. Rf2 Bc6 15.
Bb6 Qb8 16. Qd4 d5 17. Nc5 dxe4 18. Qxb4 e3 19. Re2 Bxg2 20. Rxg2 Rc6 21. Qd4
Qc8 22. N3a4 Nd5 23. Ba7 Rd8 24. c4 Bf6 25. Qe4 Nb4 26. Kh1 Bd4 27. Rd1 f5 28.
Qf3 Rdd6 29. Nxb7 Qxb7 30. Bxd4 Qd7 31. Qxe3 Rxc4 32. Nb6 Nd5 33. Nxd5 Rxd5 34.
Rgd2 Qc6 35. Kg1 1-0

[Event "III Open A"]
[Site "Biella ITA"]
[Date "2012.09.29"]
[Round "2"]
[White "Arnaudov, G. Petar"]
[Black "Medici, Simone"]
[WhiteElo "2485"]
[BlackElo "2102"]
[Result "1-0"]
[PlyCount "71"]
[EventDate "2012.09.28"]

1. Nf3 d5 2. c4 c6 3. g3 Nf6 4. Bg2 g6 5. b3 Bg7 6. Bb2 O-O 7. d3 Qb6 8. Nbd2
Ng4 9. d4 Nd7 10. O-O f5 11. h3 Nh6 12. e3 e6 13. Rc1 Nf7 14. Ne1 Nf6 15. Nd3
Ne4 16. Nf3 Bh6 17. Nfe5 Bg7 18. h4 Nxe5 19. dxe5 Bd7 20. Kh2 Bh6 21. cxd5 cxd5
22. Bd4 Qa6 23. a4 g5 24. f3 Nxg3 25. hxg5 Nxf1+ 26. Bxf1 Bxg5 27. Nc5 Qc6 28.
Bb5 Qc8 29. Nxd7 Qd8 30. Nxf8 Qxf8 31. Qf1 Qh6+ 32. Qh3 Bxe3 33. Qxh6 Bxh6 34.
Rc7 Bf8 35. Bd7 Kf7 36. Bc8+ 1-0

[Event "III Open A"]
[Site "Biella ITA"]
[Date "2012.09.29"]
[Round "2"]
[White "Bazzeato, Stefano"]
[Black "Solomon, Kenny"]
[WhiteElo "2067"]
[BlackElo "2426"]
[Result "0-1"]
[PlyCount "76"]
[EventDate "2012.09.28"]

1. d4 Nf6 2. c4 e6 3. Nc3 Bb4 4. f3 d5 5. a3 Bxc3+ 6. bxc3 O-O 7. cxd5 exd5 8.
e3 c5 9. Bd3 Qa5 10. Bd2 Re8 11. Ne2 Bd7 12. a4 c4 13. Bc2 Bc6 14. g4 Re6 15.
Bf5 Re7 16. Kf2 Nbd7 17. g5 Ne8 18. h4 Nd6 19. Bc2 f5 20. Ng3 Rf8 21. Ne2 Nb6
22. Nf4 Nbc8 23. Qb1 Qc7 24. Qg1 a5 25. h5 Rfe8 26. Qh2 Qd7 27. Ng6 Re6 28. Ne5
Qc7 29. g6 h6 30. Qf4 Rf6 31. Bc1 Ne4+ 32. Kg2 Nxc3 33. Ng4 Qxf4 34. Nxf6+ gxf6
35. exf4 Re2+ 36. Kh3 Rxc2 37. Re1 Ne2 38. Be3 Nd6 0-1

[Event "III Open A"]
[Site "Biella ITA"]
[Date "2012.09.29"]
[Round "2"]
[White "Beccaris, Gabriele"]
[Black "Gagliardi, Christian"]
[WhiteElo "2015"]
[BlackElo "2217"]
[Result "1/2-1/2"]
[PlyCount "221"]
[EventDate "2012.09.28"]

1. e4 g6 2. d4 Bg7 3. Nf3 d6 4. h3 a6 5. a4 Nf6 6. Nc3 O-O 7. Bc4 Nxe4 8. Nxe4
d5 9. Bd3 dxe4 10. Bxe4 Nd7 11. O-O Nf6 12. Bd3 a5 13. Re1 c6 14. Bg5 Re8 15.
Qd2 Nd5 16. c3 Qc7 17. Rad1 e6 18. Nh2 f6 19. Bh4 Qf4 20. Qxf4 Nxf4 21. Bc4 Bd7
22. Re4 Nd5 23. Rde1 Kf7 24. Nf3 h6 25. Bg3 Bf8 26. R4e2 g5 27. h4 b5 28. axb5
cxb5 29. Bd3 Rec8 30. hxg5 hxg5 31. Nd2 a4 32. Ne4 a3 33. bxa3 Nxc3 34. Rb2
Nxe4 35. Bxe4 Rxa3 36. Bb7 Rcc3 37. d5 e5 38. f3 b4 39. Rd1 Ra7 40. Be1 Rc4 41.
Bc6 Bxc6 42. dxc6 Rxc6 43. Bxb4 Rb7 44. Ba3 Rxb2 45. Bxb2 Rc2 46. Bc1 Bc5+ 47.
Kh2 Ke6 48. Bd2 Bd4 49. Ba5 f5 50. Bd8 Be3 51. Ra1 Rc8 52. Rd1 f4 53. Kh3 Bd4
54. Bxg5 Kf5 55. Bh4 Rh8 56. g3 fxg3 57. Kxg3 Rg8+ 58. Kh3 Kf4 59. Bf6 Rg6 60.
Rxd4+ exd4 61. Bxd4 Kxf3 62. Kh2 Rh6+ 63. Kg1 Rd6 64. Be5 Rd2 65. Bc7 Rg2+ 66.
Kh1 Rc2 67. Be5 Rg2 68. Bd6 Kf2 69. Bc5+ Kf1 70. Bd6 Rg6 71. Be5 Rg5 72. Bc7
Kf2 73. Bb6+ Kg3 74. Kg1 Rb5 75. Bc7+ Kf3 76. Bd6 Rg5+ 77. Kh1 Kf2 78. Bc7 Rh5+
79. Bh2 Rg5 80. Bc7 Rg1+ 81. Kh2 Rg2+ 82. Kh1 Rg1+ 83. Kh2 Rg6 84. Kh1 Rh6+ 85.
Bh2 Kf3 86. Kg1 Rg6+ 87. Kh1 Ra6 88. Be5 Ra2 89. Bd6 Ra1+ 90. Kh2 Rb1 91. Be5
Rb7 92. Bd6 Kg4 93. Be5 Re7 94. Bd6 Re2+ 95. Kg1 Kh3 96. Bb4 Rg2+ 97. Kh1 Rb2
98. Bc5 Rc2 99. Bd4 Rc4 100. Bf2 Re4 101. Bc5 Re5 102. Bb6 Rh5 103. Bc7 Rh7
104. Bd6 Rd7 105. Bc5 Kg3 106. Bb6 Rd1+ 107. Bg1 Kf3 108. Kh2 Rd2+ 109. Kh1 Kg3
110. Bb6 Rh2+ 111. Kg1 1/2-1/2

[Event "III Open A"]
[Site "Biella ITA"]
[Date "2012.09.29"]
[Round "2"]
[White "Bisi, Samuele"]
[Black "Vezzosi, Paolo"]
[WhiteElo "2050"]
[BlackElo "2309"]
[Result "1-0"]
[PlyCount "73"]
[EventDate "2012.09.28"]

1. d4 Nf6 2. c4 e6 3. Nf3 c5 4. d5 exd5 5. cxd5 b5 6. Bg5 d6 7. e4 a6 8. a4 b4
9. Nbd2 h6 10. Bf4 g5 11. Bg3 Nh5 12. Bd3 Nd7 13. Nc4 Ndf6 14. Qe2 Nxg3 15.
hxg3 Bg7 16. e5 dxe5 17. Qxe5+ Kf8 18. d6 Nd7 19. Qd5 Rb8 20. O-O-O Bb7 21. Qf5
Bxf3 22. Qxf3 Nb6 23. Rhe1 Qf6 24. Rd2 Qxf3 25. gxf3 Nxa4 26. Rde2 Bf6 27. d7
Kg7 28. Re8 Rd8 29. Rxh8 Kxh8 30. Re8+ Kg7 31. Bc2 Rxd7 32. Bxa4 Rd3 33. Bc6 h5
34. Be4 Rd7 35. Rc8 Bd4 36. Ne3 Kf6 37. Rc6+ 1-0